Tous les catcheurs jouables dans WWE 2K25 - Statistiques

Statistiques générales
  • Ce quiz a été pris 86 fois
  • Le résultat moyen est 56 sur 255
Statistiques - réponses
Premier jeu Catcheur % Correct
HOF/Alumni Triple H
86%
Smackdown Roman Reigns
84%
HOF/Alumni Booker T
82%
HOF/Alumni John Cena
82%
RAW CM Punk
80%
RAW Big E
78%
RAW Seth Rollins
76%
HOF/Alumni The Undertaker
74%
Smackdown Randy Orton
72%
RAW Rey Mysterio
72%
Smackdown Charlotte Flair
68%
Smackdown Cody Rhodes
68%
RAW Dominik Mysterio
68%
RAW Jey Uso
68%
Smackdown Jimmy Uso
68%
RAW Kofi Kingston
68%
Smackdown AJ Styles
64%
RAW Becky Lynch
60%
RAW Rhea Ripley
58%
HOF/Alumni The Rock
58%
RAW Xavier Woods
58%
HOF/Alumni Kane
56%
RAW Sami Zayn
56%
RAW Finn Balor
54%
Smackdown Solo Sikoa
54%
RAW Bayley
52%
RAW Drew Mcintyre
52%
HOF/Alumni Hulk Hogan
52%
Smackdown Kevin Owens
52%
RAW Logan Paul
52%
RAW Asuka
50%
Smackdown The Miz
50%
RAW Bronson Reed
48%
HOF/Alumni Shawn Michaels
48%
RAW Gunther
46%
RAW Iyo Sky
46%
RAW Liv Morgan
46%
Smackdown Nia Jax
46%
HOF/Alumni Nikki Bella DLC
46%
RAW Penta DLC
46%
RAW Sheamus
46%
Smackdown Tama Tonga
46%
Smackdown Alexa Bliss
44%
HOF/Alumni Batista
44%
RAW Damian Priest
44%
Smackdown Jacob Fatu
44%
RAW Raquel Rodriguez
44%
RAW R-Truth
44%
HOF/Alumni Steve Austin
44%
HOF/Alumni Bray Wyatt
42%
RAW Dragon Lee
42%
NXT Trick Williams
40%
Smackdown Naomi
38%
NXT Oba Femi
38%
HOF/Alumni Umaga
38%
Smackdown Angel
36%
NXT Stephanie Vaquer DLC
36%
Smackdown Aleister Black DLC
34%
RAW Dakota Kai
34%
HOF/Alumni Dusty Rhodes
34%
HOF/Alumni Randy Savage
34%
NXT Roxanne Perez
34%
HOF/Alumni Andre The Giant
32%
Smackdown Austin Theory
32%
Smackdown Chelsea Green
32%
Smackdown LA Knight
32%
NXT Lexis King
32%
RAW Lyra Valkyria
32%
HOF/Alumni Rob Van Dam
32%
Smackdown Tiffany Stratton
32%
RAW Akira Tozawa
30%
Smackdown Bianca Belair
30%
RAW Carlito
30%
NXT Lash Legend
30%
HOF/Alumni Mark Henry DLC
30%
RAW Erick Rowan
28%
RAW Ivar
28%
RAW Kairi Sane
28%
RAW Natalya
28%
RAW Otis
28%
Smackdown Tonga Loa
28%
Smackdown Braun Strowman
26%
HOF/Alumni Bret Hart
26%
Smackdown Carmelo Hayes
26%
NXT Cora Jade
26%
HOF/Alumni Kurt Angle
26%
RAW Ludwig Kaiser
26%
Smackdown Montez Ford
26%
Smackdown Santos Escobar
26%
Smackdown Shinsuke Nakamura
26%
HOF/Alumni Stephanie McMahon
26%
HOF/Alumni Trish Stratus
26%
RAW Uncle Howdy
26%
RAW Zelina Vega
26%
NXT Axiom
24%
HOF/Alumni Eddie Guerrero
24%
RAW JD Mcdonagh
24%
HOF/Alumni Ultimate Warrior
24%
Smackdown Andrade
22%
RAW Chad Gable
22%
HOF/Alumni Honky Tonk Man
22%
Smackdown Jade Cargill
22%
Smackdown Johnny Gargano
22%
HOF/Alumni Kevin Nash
22%
NXT Sol Ruca
22%
NXT Wes Lee
22%
HOF/Alumni Yokozuna
22%
Smackdown Angelo Dawkins
20%
RAW Dexter Lumis
20%
HOF/Alumni Goldberg DLC
20%
NXT Je'von Evans
20%
HOF/Alumni Lita
20%
NXT Nathan Frazer
20%
RAW Pete Dunne
20%
Smackdown Tommaso Ciampa
20%
HOF/Alumni Wade Barrett
20%
RAW Alba Fyre
18%
HOF/Alumni Chyna
18%
RAW Erik
18%
NXT Giulia DLC
18%
HOF/Alumni Mankind
18%
RAW Maxxine Dupri
18%
RAW Nikki Cross
18%
RAW Omos
18%
HOF/Alumni The Great Khali DLC
18%
NXT Ethan Page
16%
Smackdown Grayson Waller
16%
RAW Ilja Dragunov
16%
Smackdown B-Fab
14%
RAW Brutus Creed
14%
RAW Karrion Kross
14%
RAW Kiana James
14%
Smackdown Kit Wilson
14%
HOF/Alumni Razor Ramon
14%
HOF/Alumni Rikishi
14%
HOF/Alumni Roddy Piper
14%
NXT Tatum Paxley
14%
HOF/Alumni X-Pac
14%
Smackdown Candice Lerae
12%
HOF/Alumni JBL
12%
RAW Julius Creed
12%
NXT Lola Vice
12%
HOF/Alumni Vader
12%
Smackdown Giovanni Vinci
10%
NXT Jacy Jayne
10%
NXT Kelani Jordan
10%
Smackdown Piper Niven
10%
HOF/Alumni Rick Steiner
10%
HOF/Alumni Scott Steiner
10%
HOF/Alumni Tamina
10%
RAW Zoey Stark
10%
HOF/Alumni Bruno Sammartino
8%
Smackdown Carmella
8%
HOF/Alumni Diamond Dallas Page
8%
RAW Ivy Nile
8%
RAW Joe Gacy
8%
HOF/Alumni Lex Luger
8%
Smackdown Luke Gallows
8%
HOF/Alumni Maryse
8%
HOF/Alumni Michelle McCool
8%
Smackdown Michin
8%
NXT Tony D'Angelo
8%
RAW Tyler Bate
8%
HOF/Alumni William Regal
8%
HOF/Alumni Afa
6%
NXT Andre Chase
6%
Smackdown Baron Corbin
6%
Smackdown Berto
6%
Smackdown Elton Prince
6%
NXT Fallon Henley
6%
RAW Isla Dawn
6%
NXT Jaida Parker
6%
RAW Joaquin Wilde
6%
NXT Jordynne Grace DLC
6%
Smackdown Karl Anderson
6%
HOF/Alumni Pat McAfee
6%
NXT Ridge Holland
6%
NXT Shawn Spears
6%
HOF/Alumni Sika
6%
NXT Wendy Choo
6%
RAW Akam
4%
HOF/Alumni Alundra Blayze
4%
NXT Ashante Adonis
4%
HOF/Alumni Billy Gunn DLC
4%
Smackdown Blair Davenport
4%
HOF/Alumni Bubba Ray Dudley
4%
NXT Channing Lorenzo
4%
RAW Cruz Del Toro
4%
HOF/Alumni D-Von Dudley
4%
HOF/Alumni Faarooq
4%
NXT Gigi Dolin
4%
HOF/Alumni Iron Sheik
4%
NXT Jakara Jackson
4%
HOF/Alumni Jake Roberts
4%
HOF/Alumni Jim Neidhart
4%
HOF/Alumni Molly Holly
4%
NXT Nikkita Lyons
4%
NXT Noam Dar
4%
RAW Rezar
4%
HOF/Alumni Ricky Steamboat
4%
HOF/Alumni Road Dogg DLC
4%
RAW Shayna Baszler
4%
Smackdown Shotzi
4%
RAW Sonya Deville
4%
NXT Thea Hail
4%
HOF/Alumni The Boogeyman
4%
HOF/Alumni The British Bulldog
4%
HOF/Alumni The Sandman
4%
HOF/Alumni Tyler Breeze
4%
HOF/Alumni Abyss DLC
2%
Smackdown Alex Shelley DLC
2%
Smackdown Apollo Crews
2%
NXT Brooks Jensen
2%
NXT Charlie Dempsey
2%
Smackdown Chris Sabin DLC
2%
HOF/Alumni Doink The Clown
2%
NXT Duke Hudson
2%
NXT Eddy Thorpe
2%
Smackdown Elektra Lopez
2%
HOF/Alumni Eve Torres
2%
HOF/Alumni Haku
2%
HOF/Alumni Harley Race
2%
HOF/Alumni Hurricane Helms
2%
Smackdown Indi Hartwell
2%
NXT Joe Coffey
2%
HOF/Alumni Junkyard Dog DLC
2%
RAW Kayden Carter
2%
NXT Mark Coffey
2%
HOF/Alumni Rick Rude
2%
RAW Scarlett
2%
HOF/Alumni Stacy Keibler
2%
HOF/Alumni Terry Funk
2%
HOF/Alumni Tito Santana DLC
2%
RAW Valhalla
2%
HOF/Alumni Billy Graham
0%
HOF/Alumni Bull Nakano DLC
0%
NXT Cedric Alexander
0%
HOF/Alumni Curt Hennig
0%
HOF/Alumni D'Lo Brown DLC
0%
HOF/Alumni Eric Bischoff
0%
HOF/Alumni George Steele
0%
HOF/Alumni Jesse Ventura DLC
0%
NXT Josh Briggs
0%
RAW Katana Chance
0%
HOF/Alumni Ken Shamrock
0%
HOF/Alumni Mosh
0%
NXT Oro Mensah
0%
HOF/Alumni Paul Orndorff DLC
0%
HOF/Alumni Sensational Sherry
0%
HOF/Alumni Sid Justice DLC
0%
Smackdown Tegan Nox
0%
HOF/Alumni The Great Muta
0%
HOF/Alumni Thrasher
0%
HOF/Alumni Victoria DLC
0%
NXT Wolfgang
0%
Aucun quiz correspondant
Distribution des résultats
% des personnes avec chaque résultat
Percentile par nombre de réponses
Votre historique - résultats
Vous n’avez pas pris ce quiz